Boyle & Birds' company law/ (Record no. 1164)
| 000 -LEADER | |
|---|---|
| fixed length control field | 00526nam a22001937a 4500 |
| 003 - CONTROL NUMBER IDENTIFIER | |
| control field | OSt |
| 005 - DATE AND TIME OF LATEST TRANSACTION | |
| control field | 20140116120847.0 |
| 008 - FIXED-LENGTH DATA ELEMENTS--GENERAL INFORMATION | |
| fixed length control field | 130605b xxu||||| |||| 00| 0 eng d |
| 050 ## - LIBRARY OF CONGRESS CALL NUMBER | |
| Classification number | KN 261.1 .B69 2011 |
| 100 ## - MAIN ENTRY--PERSONAL NAME | |
| Personal name | Birds, John |
| 245 ## - TITLE STATEMENT | |
| Title | Boyle & Birds' company law/ |
| Statement of responsibility, etc | John, Birds & A.J Boyle & Bryan Clark et al... |
| 250 ## - EDITION STATEMENT | |
| Edition statement | 8th ed. |
| 260 ## - PUBLICATION, DISTRIBUTION, ETC. (IMPRINT) | |
| Place of publication, distribution, etc | Bristol: |
| Name of publisher, distributor, etc | Jordan Publishing limited, |
| Date of publication, distribution, etc | 2011 |
| 300 ## - PHYSICAL DESCRIPTION | |
| Extent | ci,1009p. |
| 504 ## - BIBLIOGRAPHY, ETC. NOTE | |
| Bibliography, etc | Includes index |
| 650 ## - SUBJECT ADDED ENTRY--TOPICAL TERM | |
| Topical term or geographic name as entry element | company law |
| 700 ## - ADDED ENTRY--PERSONAL NAME | |
| Personal name | Boyle, A. J |
| 942 ## - ADDED ENTRY ELEMENTS (KOHA) | |
| Source of classification or shelving scheme | |
| Koha item type | Book |
| Withdrawn status | Lost status | Source of classification or shelving scheme | Damaged status | Not for loan | Home library | Current library | Date acquired | Total Checkouts | Total Renewals | Full call number | Barcode | Date last seen | Date checked out | Copy number | Price effective from | Koha item type | Checked out |
|---|---|---|---|---|---|---|---|---|---|---|---|---|---|---|---|---|---|
| Riara University Library | Riara University Library | 05/06/2013 | 18 | 4 | KN 261.1 .B69 2011 | 4194/13 | 15/12/2017 | 18/10/2017 | C.1 | 05/06/2013 | Book | ||||||
| Riara University Library | Riara University Library | 05/06/2013 | 15 | 7 | KN 261.1 .B69 2011 | 4193/13 | 01/11/2019 | 01/11/2019 | C.2 | 05/06/2013 | Book | 14/11/2015 | |||||
| Riara University Library | Riara University Library | 05/06/2013 | 9 | KN 261.1 .B69 2011 | 4192/13 | 13/06/2024 | 01/12/2017 | C.3 | 05/06/2013 | Book | |||||||
| Riara University Library | Riara University Library | 05/06/2013 | 16 | KN 261.1 .B69 2011 | 4191/13 | 22/04/2024 | 17/04/2024 | C.4 | 05/06/2013 | Book | |||||||
| Riara University Library | Riara University Library | 05/06/2013 | 6 | KN 261.1 .B69 2011 | 4190/13 | 08/07/2024 | 02/07/2024 | C.5 | 05/06/2013 | Book | |||||||
| Riara University Library | Riara University Library | 05/06/2013 | 7 | 1 | KN 261.1 .B69 2011 | 4189/13 | 15/12/2017 | 14/12/2017 | C.6 | 05/06/2013 | Book |
